Statistics for all about australia

Click here to take the quiz!

General Stats

  • This quiz has been taken 282 times
  • The average score is 8 of 15

Answer Stats

Question NumberQuestionAnswer% Correct
2capitalcanberra
97%
4capital of western australiaperth
91%
11biggest citysydney
87%
9currencydollar
83%
5biggest city in tasmaniahobart
81%
8true/false in the commenwealthtrue
76%
3number of territories7
72%
6biggest territorywestern australia
54%
10code name for currencyaud
50%
7smallest territorytasmania
47%
12prime ministerkevin rudd
39%
13average life expestancy82
35%
1population (2013 estimate)23,153,702
1%
15size in square miles2,969,907
0%
14in australian slang what is a nonga stupid person
0%

Score Distribution

Percentile by Number Answered

Percent of People with Each Score

Your Score History

You have not taken this quiz